000 00515nam a2200181Ia 4500
008 240729s9999 xx 000 0 und d
022 _a2634-4386
245 0 _aNeuromorphic Computing and Engineering
260 _aUnited Kingdom
260 _bIOP Publishing
650 _a Electronic computers. Computer science
650 _a Instruments and machines
650 _a Mathematics
650 _aScience
856 _uhttps://doaj.org/toc/5e030417f7cc4ba5b75ae92ee1d1d974
942 _2ddc
942 _cDOAJEJ
999 _c73647
_d73647
945 _a1
_bMadushi Gamage
_c1
_dMadushi Gamage